Devinez la Capitale Mystère #19 - Statistiques

Statistiques générales
  • Ce quiz a été pris 256 fois
  • Le résultat moyen est 27 sur 34
Statistiques - réponses
Type de Réponse Réponse % Correct
Lettre Trouvée N
100%
Lettre Trouvée R
100%
Lettre Trouvée A
99%
Lettre de l'Alphabet E
99%
Lettre Trouvée O
99%
Lettre de l'Alphabet I
98%
Lettre de l'Alphabet L
98%
Lettre de l'Alphabet S
98%
Lettre de l'Alphabet D
96%
Lettre de l'Alphabet B
95%
Lettre de l'Alphabet M
95%
Lettre de l'Alphabet P
93%
Lettre de l'Alphabet T
90%
Lettre Bien Placée O
89%
Lettre de l'Alphabet G
87%
Lettre de l'Alphabet U
86%
Lettre Trouvée K
82%
Lettre de l'Alphabet H
81%
Lettre Bien Placée A
80%
Lettre Trouvée C
80%
Lettre Bien Placée N
80%
Lettre de l'Alphabet W
76%
Lettre de l'Alphabet V
71%
Lettre Trouvée Y
68%
Lettre de l'Alphabet X
65%
Lettre de l'Alphabet J
61%
Lettre Bien Placée R
60%
Lettre Bien Placée C
59%
Lettre de l'Alphabet Z
58%
Lettre Bien Placée K
54%
Lettre de l'Alphabet F
53%
Lettre de l'Alphabet Q
51%
Capitale Mystère Conakry
48%
Lettre Bien Placée Y
48%
Aucun quiz correspondant
Distribution des résultats
% des personnes avec chaque résultat
Percentile par nombre de réponses
Votre historique - résultats
Vous n’avez pas pris ce quiz